000 01484nam a2200325 c 4500
003 BLK
005 20240603091848.0
008 180409b bul|||||r ||||||| ||bul||
010 _aKNG00119991000
040 _aBLK
041 _aBUL
_cBUL
080 _aФренска литература
_b821.133.1
_x-1
_z821.133.1-1
100 1 _aЕлюар, Пол
_eпърви автор
_967096
700 1 _aСимов, Пенчо
_eсъстав.
_9367013
700 _aМанолов, Андрей Борисов
_d1951
_gПреводач от френски език.
_9263553
700 1 _aХаджикосев, Симеон Дончев
_eс предг. от
_9363366
139 _aЕлюар, Пол
_bЕ 56
245 1 0 _aДа кажеш всичко
_bИзбрани стихотворения
_cПол Елюар; състав. Пенчо Симов; прев. от фр. Андрей Борисов Манолов; с предг. от Симеон Дончев Хаджикосев.
257 _aBGR
260 София
_bНар. култура
_c1981
300 _a292 с.
_bс ил.
_c19 см
380 _aX
500 _aДруги прев.: В. Сотиров, Ив. Бориславов, П. Симов, Р. Москова. - 6 125 тир.
852 _aЦб 112123
856 4 _qpdf
_u
856 4 _qpdf
_u
942 _cKNG
_n0
944 _aCR
_c19.10.2016
_k30560
_lГеновева Генчева
944 _aED
_c19.10.2016
_kЛюбка_Николова
999 _c114560
_d114560